| 000 | 00721nam a22002537a 4500 | ||
|---|---|---|---|
| 999 |
_c2627 _d2627 |
||
| 003 | OSt | ||
| 005 | 20230802090840.0 | ||
| 008 | 230802b ||||| |||| 00| 0 eng d | ||
| 020 | _a9789865546137 | ||
| 040 | _cKH8 | ||
| 082 | _a495 YEH | ||
| 100 |
_aYeh, Shao-Ping, _eauthor. |
||
| 245 |
_aAmazing Chinese Teacher's Book 3 / _cShao-Ping Yeh. |
||
| 260 |
_aTaiwan: _bKang Hsuan Educational Publishing, _c2020. |
||
| 300 |
_a168 pages, _billustrations. |
||
| 650 | _aMandarin language | ||
| 650 | _aMandarin grammar | ||
| 700 |
_aLin, Yu, _eauthor. |
||
| 700 |
_aKai, Luk, _eauthor. |
||
| 700 |
_aTu, Jessy, _eauthor. |
||
| 700 |
_aTam, Hugo Wing-Yu, _eauthor. |
||
| 700 |
_aDaiwei, Wei, _eauthor. |
||
| 942 |
_2ddc _cTR |
||